| 000 | 01034nam a2200205 a 4500 | ||
|---|---|---|---|
| 008 | 120416s1981 xx |||||||||||||| || u | ||
| 020 | _a0070449309 | ||
| 050 | _aHB 171.5 Mac | ||
| 100 | _aMcConnell, Campbell R | ||
| 245 | 1 | 0 | _aEconomics: principles, problems, and policies. (8th ed.) |
| 250 | _a8th ed. | ||
| 260 | _c1981 | ||
| 300 | _a910p. ; ill. | ||
| 350 | _a0.00 | ||
| 650 | 0 | _aECONOMICS | |
| 995 |
_aBINDERY (DAMAGED) _D0.00 _e706351 _FCBU-MAIN LIBRARY (Kitwe) _H4 _I26.95 _jHB 171.5 Mac _M4 _UDAMAGED _y706351 _ZMain Library Open Access Collection |
||
| 995 |
_aANNEX COLLECTION (Main Library) _D0.00 _e023985 _FCBU-MAIN LIBRARY (Kitwe) _H2 _I26.95 _jHB 171.5 Mac _UAVAILABLE _y023985 _ZAnnex Low-Usage Collection |
||
| 995 |
_aMAIN LIBRARY OPEN ACCESS _D0.00 _e707894 _FCBU-MAIN LIBRARY (Kitwe) _H1 _I26.95 _jHB 171.5 Mac _M1 _UAVAILABLE _y52369 _ZMain Library Open Access Collection |
||
| 995 |
_aANNEX COLLECTION (Main Library) _D0.00 _e020330 _FCBU-MAIN LIBRARY (Kitwe) _H3 _I26.95 _jHB 171.5 Mac _UAVAILABLE _y020330 _ZAnnex Low-Usage Collection |
||
| 999 |
_c75733 _d75733 |
||